000 00282nam a2200133Ia 4500
100 _aJohnson/David E
250 _a3
942 _cBK
654 _aCircuits
245 _aElectric Circuits Analysis
260 _bPrentice -Hall
_aBombay
_c1997
300 _a848
546 _aENGLISH
999 _c19324
_d19324